Wszystkie skiny w CS2 do Pistoletów! - Statystyki

Ogólne statystyki
  • Ten quiz został rozwiązany 47 razy
    38 od ostatniego zresetowania
  • Średni wynik to 29 z 352
Statystyki odpowiedzi
Broń Skin % Poprawnych
Glock-18 | R8 Revolver Fade
66%
Desert Eagle | USP-S Printstream
66%
Glock-18 Gamma Doppler
53%
CZ75-Auto Victoria
44%
Glock-18 Water Elemental
41%
P250 Asiimov
38%
USP-S Ticket to Hell
38%
CZ75-Auto | Desert Eagle | R8 Revolver Crimson Web
34%
USP-S Kill Confirmed
34%
Glock-18 | USP-S Neo-Noir
34%
Desert Eagle | R8 Revolver Blaze
31%
USP-S Cyrex
31%
P250 See Ya Later
31%
USP-S The Traitor
31%
Glock-18 Bullet Queen
28%
P2000 Fire Elemental
28%
Desert Eagle Golden Koi
28%
Five-SeveN Hyper Beast
28%
Glock-18 Wasteland Rebel
28%
Desert Eagle Code Red
25%
USP-S Orion
25%
P250 | USP-S Whiteout
25%
Five-SeveN | Glock-18 Candy Apple
22%
Glock-18 | P250 Franklin
22%
Desert Eagle Kumicho Dragon
22%
Desert Eagle Mecha Industries
22%
Glock-18 Moonrise
22%
Desert Eagle | Glock-18 | R8 Revolver Night
22%
Glock-18 Vogue
22%
Glock-18 Weasel
22%
P2000 | R8 Revolver Amber Fade
19%
Five-SeveN Angry Mob
19%
P250 Boreal Forest
19%
Five-SeveN Case Hardened
19%
R8 Revolver Crazy 8
19%
Tec-9 Fuel Injector
19%
USP-S Jawbreaker
19%
P250 Muertos
19%
Desert Eagle Ocean Drive
19%
Desert Eagle | Tec-9 Urban DDPAT
19%
Desert Eagle Conspiracy
16%
USP-S Cortex
16%
USP-S Forest Leaves
16%
Glock-18 Grinder
16%
Five-SeveN Monkey Business
16%
Five-SeveN | P2000 Urban Hazard
16%
Glock-18 Catacombs
13%
CZ75-Auto Chalice
13%
Glock-18 Clear Polymer
13%
CZ75-Auto Eco
13%
CZ75-Auto | Dual Berettas Emerald
13%
Five-SeveN Fairy Tale
13%
USP-S Flashback
13%
USP-S Guardian
13%
P250 Inferno
13%
Tec-9 Isaac
13%
Five-SeveN Kami
13%
P250 Metallic DDPAT
13%
USP-S Monster Mashup
13%
Glock-18 | P250 Sand Dune
13%
Glock-18 Snack Attack
13%
Glock-18 Synth Leaf
13%
Desert Eagle Trigger Discipline
13%
Desert Eagle Urban Rubble
13%
Glock-18 Winterized
13%
Glock-18 Block-18
9%
Glock-18 Blue Fissure
9%
Desert Eagle Blue Ply
9%
USP-S Blueprint
9%
P250 | R8 Revolver Bone Mask
9%
Five-SeveN Buddy
9%
USP-S Caiman
9%
Five-SeveN Capillary
9%
Dual Berettas | P250 Cartel
9%
USP-S Dark Water
9%
Glock-18 Dragon Tattoo
9%
Five-SeveN Fall Hazard
9%
Dual Berettas Flora Carnivora
9%
Glock-18 | Tec-9 Groundwater
9%
Dual Berettas Hemoglobin
9%
Desert Eagle Mudder
9%
Desert Eagle Naga
9%
P250 Nevermore
9%
Glock-18 Nuclear Garden
9%
P2000 Ocean Foam
9%
Desert Eagle | Glock-18 Oxide Blaze
9%
Glock-18 Pink DDPAT
9%
USP-S Purple DDPAT
9%
CZ75-Auto Red Astor
9%
Glock-18 Sacrifice
9%
Dual Berettas Stained
9%
CZ75-Auto Tacticat
9%
CZ75-Auto Tigris
9%
Dual Berettas Twin Turbo
9%
Glock-18 Umbral Rabbit
9%
P250 Visions
9%
Glock-18 Warhawk
9%
CZ75-Auto Yellow Jacket
9%
R8 Revolver Banana Cannon
6%
Five-SeveN Berries And Cherries
6%
Glock-18 | Tec-9 Brass
6%
Desert Eagle Bronze Deco
6%
Tec-9 Brother
6%
Glock-18 Bunsen Burner
6%
USP-S Check Engine
6%
Desert Eagle Cobalt Disruption
6%
Dual Berettas Cobalt Quartz
6%
Dual Berettas Colony
6%
P250 Crimson Kimono
6%
Glock-18 Death Rattle
6%
Tec-9 Decimator
6%
Dual Berettas Demolition
6%
Desert Eagle Directive
6%
Dual Berettas Duelist
6%
Dual Berettas Elite 1.6
6%
Desert Eagle Fennec Fox
6%
Five-SeveN | P250 Forest Night
6%
Desert Eagle Hand Cannon
6%
Glock-18 High Beam
6%
Five-SeveN Hybrid
6%
Desert Eagle Hypnotic
6%
Tec-9 Ice Cap
6%
P2000 Imperial
6%
P2000 Imperial Dragon
6%
Glock-18 Ironwork
6%
P250 Mehndi
6%
Dual Berettas Melondrama
6%
Desert Eagle Meteorite
6%
Desert Eagle Midnight Storm
6%
P250 Mint Kimono
6%
Five-SeveN Neon Kimono
6%
CZ75-Auto | Five-SeveN | R8 Revolver Nitro
6%
P2000 Oceanic
6%
USP-S Overgrowth
6%
Dual Berettas Panther
6%
Desert Eagle Pilot
6%
CZ75-Auto Polymer
6%
Glock-18 Ramese's Reach
6%
Glock-18 Red Tire
6%
Tec-9 Remote Control
6%
Dual Berettas Royal Consorts
6%
Tec-9 Safety Net
6%
Five-SeveN Scrawl
6%
USP-S Serum
6%
P250 Splash
6%
Desert Eagle Sputnik
6%
USP-S Stainless
6%
P250 Supernova
6%
Desert Eagle The Bronze
6%
CZ75-Auto The Fuschia Is Now
6%
P250 Undertow
6%
P250 Valence
6%
P250 Vino Primo
6%
P250 Wingshot
6%
CZ75-Auto Xiangliu
6%
P250 X-Ray
6%
Tec-9 Avalanche
3%
Tec-9 Bamboozle
3%
USP-S Black Lotus
3%
R8 Revolver Bone Forged
3%
USP-S Business Class
3%
P250 Cassette
3%
P250 Contaminant
3%
Dual Berettas | Five-SeveN Contractor
3%
Five-SeveN Copper Galaxy
3%
Five-SeveN Crimson Blossom
3%
P250 Cyber Shell
3%
P250 Drought
3%
CZ75-Auto Emerald Quartz
3%
P250 Exchanger
3%
Five-SeveN Flame Test
3%
Five-SeveN Fowl Play
3%
P250 Gunsmoke
3%
Tec-9 Hades
3%
P2000 Handgun
3%
P250 Hive
3%
Five-SeveN Hot Shot
3%
CZ75-Auto Indigo
3%
P250 Iron Clad
3%
P2000 Ivory
3%
Five-SeveN Jungle
3%
Desert Eagle Light Rail
3%
Dual Berettas Marina
3%
Desert Eagle Night Heist
3%
P250 | Tec-9 Nuclear Threat
3%
Glock-18 Off World
3%
Five-SeveN Orange Peel
3%
USP-S Para Green
3%
CZ75-Auto Poison Dart
3%
Glock-18 Reactor
3%
R8 Revolver Reboot
3%
P250 Re.built
3%
Tec-9 Red Quartz
3%
Tec-9 Re-Entry
3%
P250 Ripple
3%
USP-S Royal Blue
3%
Glock-18 Royal Legion
3%
Dual Berettas Shred
3%
CZ75-Auto | P2000 Silver
3%
Five-SeveN Silver Quartz
3%
Glock-18 | P250 Steel Disruption
3%
R8 Revolver Survivalist
3%
USP-S Target Acquired
3%
USP-S Torque
3%
Tec-9 Toxic
3%
Dual Berettas Tread
3%
P2000 Turf
3%
CZ75-Auto Tuxedo
3%
Glock-18 Twilight Galaxy
3%
Dual Berettas Urban Shock
3%
P250 Verdigris
3%
Five-SeveN Violent Daimyo
3%
P2000 Acid Etched
0%
USP-S Ancient Visions
0%
Five-SeveN Anodized Gunmetal
0%
Dual Berettas Anodized Navy
0%
P250 Apep's Curse
0%
Tec-9 Army Mesh
0%
CZ75-Auto Army Sheen
0%
Dual Berettas Balance
0%
Tec-9 Bamboo Forest
0%
P250 Bengal Tiger
0%
Dual Berettas Black Limba
0%
P250 Black & Tan
0%
Tec-9 Blast From the Past
0%
USP-S Blood Tiger
0%
Tec-9 Blue Titanium
0%
Five-SeveN Boost Protocol
0%
Dual Berettas Briar
0%
R8 Revolver Canal Spray
0%
P2000 Chainmail
0%
CZ75-Auto Circaetus
0%
P2000 Coach Class
0%
Dual Berettas Cobra Strike
0%
P250 Contamination
0%
Five-SeveN Coolant
0%
Desert Eagle Corinthian
0%
P2000 Corticera
0%
Tec-9 Cracked Opal
0%
Tec-9 Cut Out
0%
P250 Dark Filigree
0%
R8 Revolver Desert Brush
0%
USP-S Desert Tactical
0%
Dual Berettas Dezastre
0%
P250 Digital Architect
0%
P2000 Dispatch
0%
CZ75-Auto Distressed
0%
Dual Berettas Drift Wood
0%
Dual Berettas Dualing Dragons
0%
Desert Eagle Emerald Jörmungandr
0%
P250 Facets
0%
P250 Facility Draft
0%
Tec-9 Flash Out
0%
CZ75-Auto Framework
0%
Tec-9 Fubar
0%
P2000 Gnarled
0%
P2000 Granite Marbleized
0%
P2000 Grassland
0%
P2000 Grassland Leaves
0%
CZ75-Auto Green Plaid
0%
R8 Revolver Grip
0%
Desert Eagle Heirloom
0%
Dual Berettas Heist
0%
CZ75-Auto Hexane
0%
Dual Berettas Hideout
0%
CZ75-Auto Imprint
0%
R8 Revolver Inlay
0%
Tec-9 Jambiya
0%
CZ75-Auto Jungle Dashed
0%
R8 Revolver Junk Yard
0%
USP-S Lead Conduit
0%
P2000 Lifted Spirits
0%
R8 Revolver Llama Cannon
0%
R8 Revolver Memento
0%
CZ75-Auto Midnight Palm
0%
P250 Modern Hunter
0%
Dual Berettas Moon in Libra
0%
Tec-9 Mummy's Rot
0%
USP-S Night Ops
0%
Five-SeveN Nightshade
0%
P2000 Obsidian
0%
Dual Berettas Oil Change
0%
USP-S Orange Anolis
0%
Tec-9 Orange Murano
0%
Tec-9 Ossified
0%
P2000 Panther Camo
0%
P2000 | USP-S Pathfinder
0%
Tec-9 Phoenix Chalk
0%
R8 Revolver Phoenix Marker
0%
CZ75-Auto Pole Position
0%
P2000 Pulse
0%
Dual Berettas Pyre
0%
Tec-9 Rebel
0%
P2000 Red FragCam
0%
P250 Red Rock
0%
Dual Berettas Retribution
0%
Five-SeveN Retrobution
0%
USP-S Road Rash
0%
Tec-9 Rust Leaf
0%
Tec-9 Sandstorm
0%
P2000 Scorpion
0%
Five-SeveN Scumbria
0%
R8 Revolver Skull Crusher
0%
Tec-9 Slag
0%
Tec-9 Snek-9
0%
P2000 Space Race
0%
Desert Eagle Sunset Storm 弐
0%
Desert Eagle Sunset Storm 壱
0%
Dual Berettas Switch Board
0%
CZ75-Auto Syndicate
0%
Tec-9 Terrace
0%
Tec-9 Titanium Bit
0%
Tec-9 Tornado
0%
CZ75-Auto Tread Plate
0%
Five-SeveN Triumvirate
0%
CZ75-Auto Twist
0%
Tec-9 VariCamo
0%
CZ75-Auto Vendetta
0%
Dual Berettas Ventilators
0%
P2000 Wicked Sick
0%
Five-SeveN Withered Vine
0%
P2000 Woodsman
0%
Glock-18 Wraiths
0%
Nie znaleziono quizów pasujących do podanych kryteriów
Rozkład punktacji
Procent ludzi z każdym wynikiem
Percentyl według liczby udzielonych odpowiedzi
Twoja historia wyników
Nie rozwiązałeś tego quizu od ostatniego zresetowania